MARC details
| 000 -CABECERA |
| campo de control de longitud fija |
01680nam a2200385 i 4500 |
| 001 - NÚMERO DE CONTROL |
| campo de control |
991061729801406706 |
| 003 - IDENTIFICADOR DEL NÚMERO DE CONTROL |
| campo de control |
ES-BaIT |
| 005 - FECHA Y HORA DE LA ÚLTIMA TRANSACCIÓN |
| campo de control |
20260302091518.0 |
| 008 - DATOS DE LONGITUD FIJA--INFORMACIÓN GENERAL |
| campo de control de longitud fija |
260302e202511 fr b 000 d fre c |
| 020 ## - NÚMERO INTERNACIONAL ESTÁNDAR DEL LIBRO |
| Número Internacional Estándar del Libro |
9782749816975 |
| Información calificativa |
(rústica) |
| 020 ## - NÚMERO INTERNACIONAL ESTÁNDAR DEL LIBRO |
| Número Internacional Estándar del Libro |
2749816971 |
| Información calificativa |
(rústica) |
| 035 ## - NÚMERO DE CONTROL DEL SISTEMA |
| Número de control de sistema |
(OCoLC)1565479956 |
| 035 ## - NÚMERO DE CONTROL DEL SISTEMA |
| Número de control de sistema |
(OCoLC)on1565479956 |
| 040 ## - FUENTE DE LA CATALOGACIÓN |
| Centro catalogador/agencia de origen |
ES-BaIT |
| Lengua de catalogación |
cat |
| Normas de descripción |
rda |
| Centro/agencia transcriptor |
ES-BaIT |
| 080 ## - NÚMERO DE LA CLASIFICACIÓN DECIMAL UNIVERSAL |
| Número de la Clasificación Decimal Universal |
840-2"20" |
| 100 1# - ENTRADA PRINCIPAL--NOMBRE DE PERSONA |
| Nombre de persona |
Arnaud, Marc |
| Término indicativo de función/relación |
autor |
| 9 (RLIN) |
168758 |
| 245 10 - MENCIÓN DE TÍTULO |
| Título |
C'est comme ça / |
| Mención de responsabilidad, etc. |
Marc Arnaud |
| 264 #1 - PRODUCCIÓN, PUBLICACIÓN, DISTRIBUCIÓN, FABRICACIÓN Y COPYRIGHT |
| Producción, publicación, distribución, fabricación y copyright |
Paris : |
| Nombre del de productor, editor, distribuidor, fabricante |
L'avant-scène théâtre, |
| Fecha de producción, publicación, distribución, fabricación o copyright |
novembre 2025 |
| 300 ## - DESCRIPCIÓN FÍSICA |
| Extensión |
102 pàgines ; |
| Dimensiones |
21 cm. |
| 336 ## - TIPO DE CONTENIDO |
| Término de tipo de contenido |
text |
| Código de tipo de contenido |
txt |
| Fuente |
rdacontent |
| 337 ## - TIPO DE MEDIO |
| Nombre/término del tipo de medio |
sense mediació |
| Código del tipo de medio |
n |
| Fuente |
rdamedia |
| 338 ## - TIPO DE SOPORTE |
| Nombre/término del tipo de soporte |
volum |
| Código del tipo de soporte |
nc |
| Fuente |
rdacarrier |
| 490 1# - MENCIÓN DE SERIE |
| Mención de serie |
L'avant-scène théâtre ; |
| Designación de volumen o secuencia |
no 1584 |
| 500 ## - NOTA GENERAL |
| Nota general |
P9: D5, H4 en P6: D3, H3 |
| 500 ## - NOTA GENERAL |
| Nota general |
Publicat com no 1584 (novembre 2025) de la revista L'Avant-scène théâtre |
| 500 ## - NOTA GENERAL |
| Nota general |
Estrena Théâtre La Pépinière, el 14 de novembre de 2025 |
| 504 ## - NOTA DE BIBLIOGRAFÍA, ETC. |
| Nota de bibliografía, etc. |
Inclou referències bibliogràfiques |
| 520 ## - SUMARIO, ETC. |
| Sumario, etc. |
"Mathias doit enterrer sa mère le jour où sa femme accouche. Sa mère, coincée entre le monde des vivants et celui des morts, lui parle et lui demande de l’aide. Le prêtre, l’employée de mairie, la jeune femme du funérarium, son père, sa sœur, et même un ange… Tout le monde donne son avis mais à la n, c’est Mathias qui doit faire un choix. C’est comme ça"-- Contracoberta |
| 650 #0 - PUNTO DE ACCESO ADICIONAL DE MATERIA--TÉRMINO DE MATERIA |
| Término de materia o nombre geográfico como elemento de entrada |
Paternitat |
| Subdivisión de forma |
Textos dramàtics |
| 9 (RLIN) |
166437 |
| 650 #0 - PUNTO DE ACCESO ADICIONAL DE MATERIA--TÉRMINO DE MATERIA |
| Término de materia o nombre geográfico como elemento de entrada |
Mort |
| Subdivisión de forma |
Textos dramàtics |
| 9 (RLIN) |
105360 |
| 830 ## - PUNTO DE ACCESO ADICIONAL DE SERIE-TÍTULO UNIFORME |
| Título uniforme |
Avant-scène. |
| Nombre de parte o sección de la obra |
Théâtre |
| Designación de volumen o secuencia |
no 1584. |
| 9 (RLIN) |
168170 |
| 908 ## - COLOCAR PARÁMETRO DE COMANDO (RLIN) |
| Colocar parámetro de comando |
CDMAE |
| 940 ## - EQUIVALENCIA O REFERENCIA-CRUZADA--TÍTULO UNIFORME [OBSOLETO] [solamente CAN/MARC] |
| Título uniforme |
<a href="CDMAE">CDMAE</a> |
| 942 ## - ELEMENTOS DE ENTRADA AGREGADA (KOHA) |
| Fuente del sistema de clasificación o colocación |
Clasificación decimal universal |
| Tipo de ítem Koha |
Llibre |